000 00640cam a2200217 4500500
005 20260329004041.0
041 _afre
042 _adc
100 1 0 _aLegros, Martin
_eauthor
245 0 0 _aÀ quel sommet avez-vous renoncé ?
260 _c2018.
500 _a8
690 _aAbdennour Bidar
690 _aDorian Astor
690 _aÉchec
690 _aIsabelle Queval
690 _aPerfection
690 _aVirginie Linhart
786 0 _nPhilosophie magazine | 119 | 5 | 2018-05-01 | p. 28-30 | 1951-1787
856 4 1 _uhttps://shs.cairn.info/magazine-philosophie-magazine-2018-5-page-28?lang=fr&redirect-ssocas=7080
999 _c1830132
_d1830132